<?xml version="1.0" encoding="UTF-8"?>
<record
    xmlns:xsi="http://www.w3.org/2001/XMLSchema-instance"
    xsi:schemaLocation="http://www.loc.gov/MARC21/slim http://www.loc.gov/standards/marcxml/schema/MARC21slim.xsd"
    xmlns="http://www.loc.gov/MARC21/slim">

  <leader>00325nam a22001217a 4500</leader>
  <datafield tag="020" ind1=" " ind2=" ">
    <subfield code="a">9789690021656</subfield>
  </datafield>
  <datafield tag="082" ind1=" " ind2=" ">
    <subfield code="a">891.439</subfield>
    <subfield code="b">CHI</subfield>
  </datafield>
  <datafield tag="245" ind1=" " ind2=" ">
    <subfield code="a">Mithoo hamara zinda bad/</subfield>
    <subfield code="b">&#x645;&#x679;&#x6BE;&#x648; &#x6C1;&#x645;&#x627;&#x631;&#x627; &#x632;&#x646;&#x62F;&#x6C1; &#x628;&#x627;&#x62F;</subfield>
  </datafield>
  <datafield tag="260" ind1=" " ind2=" ">
    <subfield code="a">&#x627;&#x6C1;&#x648;&#x631;:</subfield>
    <subfield code="b">&#x641;&#x6CC;&#x631;&#x648;&#x632; &#x633;&#x646;&#x632; &#x644;&#x645;&#x6CC;&#x679;&#x688;,</subfield>
    <subfield code="c">2010.</subfield>
  </datafield>
  <datafield tag="300" ind1=" " ind2=" ">
    <subfield code="a">112p. ;</subfield>
  </datafield>
  <datafield tag="563" ind1=" " ind2=" ">
    <subfield code="a">PB</subfield>
  </datafield>
  <datafield tag="942" ind1=" " ind2=" ">
    <subfield code="2">ddc</subfield>
    <subfield code="c">BK</subfield>
  </datafield>
  <datafield tag="999" ind1=" " ind2=" ">
    <subfield code="c">614921</subfield>
    <subfield code="d">614921</subfield>
  </datafield>
  <datafield tag="952" ind1=" " ind2=" ">
    <subfield code="0">0</subfield>
    <subfield code="1">0</subfield>
    <subfield code="2">ddc</subfield>
    <subfield code="4">0</subfield>
    <subfield code="6">891_439000000000000_CHI</subfield>
    <subfield code="7">0</subfield>
    <subfield code="9">642562</subfield>
    <subfield code="a">CL</subfield>
    <subfield code="b">CL</subfield>
    <subfield code="c">CHILD_SEC</subfield>
    <subfield code="d">2025-09-26</subfield>
    <subfield code="e">Donated by Children - Summer Camp, 2025.</subfield>
    <subfield code="l">1</subfield>
    <subfield code="o">891.439 CHI</subfield>
    <subfield code="p">CL-CS-47</subfield>
    <subfield code="r">2026-01-30</subfield>
    <subfield code="s">2025-11-09</subfield>
    <subfield code="w">2025-09-26</subfield>
    <subfield code="y">CHILD_SEC</subfield>
  </datafield>
</record>
